| 000 | 00809nam a2200205Ia 4500 | ||
|---|---|---|---|
| 999 |
_c38311 _d38311 |
||
| 001 | 4321 | ||
| 003 | GE_BSU | ||
| 005 | 20191004102358.0 | ||
| 008 | 181216s1982||||ge |||||||||||||| ||geo|| | ||
| 040 | _cGE_BSU | ||
| 041 | _ageo | ||
| 080 | _a373.(479.223) წ–87 | ||
| 100 |
_aწულუკიძე, ვახტანგ _94488 |
||
| 245 |
_aპირველი ქართული სკოლა აჭარაში. _cრედ. გ. მოისწრაფიშვილი. |
||
| 264 |
_aბათუმი : _bსაბჭ. აჭარა, _c1982. |
||
| 300 |
_a95 გვ. ; _b21 სმ. |
||
| 653 | _aქართული სკოლის ისტორია; | ||
| 700 |
_aმოისწრაფიშვილი, გ. _eრედაქტორი _94489 |
||
| 942 |
_cBK _2udc |
||